Modelo Naciones Unidas en Saldungaray /
Sesión del proyecto ONU por parte de alumnos de distintos colegios secundarios en el Instituto Fortín Pavón de Saldungaray, partido de Tornquist.
Guardado en:
| Autor Principal: | |
|---|---|
| Formato: | |
| Publicado: |
Argentina,
2002
|
| Materias: | |
| Etiquetas: |
Agregar Etiqueta
Sin Etiquetas, Sea el primero en etiquetar este registro!
|
| LEADER | 00829ngm a22002175g 4500 | ||
|---|---|---|---|
| 001 | CEM.cems023285 | ||
| 008 | 130507s2002##################0###0#####d | ||
| 005 | 20250227181546.0 | ||
| 245 | 1 | 0 | |a Modelo Naciones Unidas en Saldungaray / |c Proyecto Naciones Unidas. |
| 260 | |a Argentina, |c 2002 | ||
| 300 | |a 86'. | ||
| 520 | |a Sesión del proyecto ONU por parte de alumnos de distintos colegios secundarios en el Instituto Fortín Pavón de Saldungaray, partido de Tornquist. | ||
| 538 | |a Soporte: DVD - Color: Si - Grabación DRD | ||
| 500 | |a Consultar en ventanilla. | ||
| 100 | 1 | |a Proyecto Naciones Unidas | |
| 082 | 3 | 2 | |/ ONU-1 |
| 653 | |a ONU | ||
| 653 | |a ORGANIZACION DE NACIONES UNIDAS | ||
| 653 | |a PROYECTO NACIONES UNIDAS | ||
| 653 | |a SALDUNGARAY | ||
| 859 | |a CEMS |b BIB. CEMS - Depto. Recursos Didacticos |h 322 |i ONU-1 |k DRD |p 1928.14 |t Ej.1 | ||
